Statistiques concernant Pays qui contiennent la lettre RR+

Cliquez ici pour prendre le quiz!

Statistiques générales

  • Ce quiz a été pris 102 fois
  • Le résultat moyen est 4 sur 9

Statistiques - réponses

IndicePays% Correct
2 x RRépublique Démocratique du Congo
81%
3 x RRépublique Centrafricaine
66%
2 x RCorée du Nord
51%
2 x RÉmirats Arabes Unis
49%
2 x RAndorre
43%
2 x RÉrythrée
36%
2 x RÉtats Fédérés de Micronésie
27%
2 x RTimor Oriental
27%
2 x RSierra Leone
25%

Distribution des résultats

Percentile par nombre de réponses

% des personnes avec chaque résultat

Votre développement - résultats

Vous n’avez pas pris ce quiz